| 000 | 00564nam a2200169Ia 4500 | ||
|---|---|---|---|
| 008 | 230917s9999||||xx |||||||||||||| ||und|| | ||
| 020 | _cRS 600.00 | ||
| 040 |
_e5016713 _aMAIN |
||
| 041 | _aEnglish | ||
| 082 | _a891.43172109 J781P | ||
| 100 | _aजोशी, मृदुल | ||
| 245 | 0 | _aपाश्चात्य काव्यानुशीलन | |
| 260 |
_aनई दिल्ली _bसत्यम् पब्लिशिंग हाउस _c2010 |
||
| 300 | _a330 p. | ||
| 500 | _a4418 19/01/2022 SPH22/506 22/01/2022 Main Budget | ||
| 942 | _cBK | ||
| 999 |
_c4769 _d4769 |
||